000 00329nam a22001457a 4500
008 210225b ||||| |||| 00| 0 eng d
020 _a9780738095592
041 _aeng
080 _a336
082 _a336
100 _a56
101 _aFIN
245 _aFIN 30210 Managerial Economics
_cCollett-Schmitt, K
942 _2udc
_cBK
999 _c55212
_d55212